000
00231nam a2200097Ia 4500
005
20251222114408.0
008
251222s1900||||xx |||||||||||||| ||spa||
082
_a
DVD0124/P59/2005/Ej.2
245
0
_a
Pink Floyd P.U.L.S.E:
942
_c
DVD
999
_c
1922
_d
1922